Hazardous materials spills handbook

Αποθηκεύτηκε σε:
Λεπτομέρειες βιβλιογραφικής εγγραφής
Κύριος συγγραφέας: Bennett, Gary F.
Άλλοι συγγραφείς: Feates, Frank S., Wilder, Ira
Μορφή: Βιβλίο
Γλώσσα:English
Δημοσίευση: New York : McGraw-Hill, c1982
Θέματα:
Ετικέτες: Προσθήκη ετικέτας
Δεν υπάρχουν, Καταχωρήστε ετικέτα πρώτοι!

MARC

LEADER 00000cam a2200000 i 4500
001 1/86294
008 970409s1982 eng d
020 |a 0-07-004680-8 
035 |l 10006465 
040 |a GR-MY-UA  |b gre  |e aacr 
041 0 |a eng 
100 1 |a Bennett, Gary F. 
245 1 0 |a Hazardous materials spills handbook /  |c Gary F. Bennett, Frank S. Feates, Ira Wilder 
260 |a New York :   |b McGraw-Hill,   |c c1982 
300 |a 685 p. in various pagings;  |b ill.;  |c 24 cm 
504 |a Includes bibliographical references and index 
650 0 0 |a Hazardous substances  |x Accidents  |x Handbooks, manuals, etc. 
700 1 |a Feates, Frank S. 
700 1 |a Wilder, Ira. 
852 |a INST  |b LESVOS  |e 19970409  |h 363.179 BEN  |p 005100011567  |q 005100011567  |t BK  |y 0 
909 |a Λ  |b 009422